000 00467nam a2200181Ia 4500
001 2126
005 20260306143819.0
008 260306t2009||||xx |||||||||||||| ||spa||
041 _aESP
082 _a615.85154
_bV16
100 _aVaillancourt, Guylaine
_eAUT
245 0 _aMúsica y musicoterapia:
_bsu importancia en el desarrollo infantil
260 _c2009
300 _a149 páginas :
_c21 cm.
650 _aGEN
654 _aCPS
942 _cLIB
_dJUS
_fJUS
_2ddc
_n
999 _c2126
_d2126